Agricultural and Rural Marketing (Record no. 16373)
[ view plain ]
| 000 -LEADER | |
|---|---|
| fixed length control field | 00596nam a22002177a 4500 |
| 008 - FIXED-LENGTH DATA ELEMENTS--GENERAL INFORMATION | |
| fixed length control field | 260418b |||||||| |||| 00| 0 eng d |
| 020 ## - INTERNATIONAL STANDARD BOOK NUMBER | |
| International Standard Book Number | 9789372129670 |
| Price | 225 |
| 040 ## - CATALOGING SOURCE | |
| Original Cataloguing agency | Sibsagar Commerce College Central Library |
| 041 ## - LANGUAGE CODE | |
| Language code of text/sound track or separate title | English |
| 082 ## - DEWEY DECIMAL CLASSIFICATION NUMBER | |
| Classification number | 338.1 |
| Book Number | ROU |
| 100 ## - MAIN ENTRY--PERSONAL NAME | |
| Personal name | Rout, R. K. |
| Fuller form of name | Rajendra Kumar |
| 245 ## - TITLE STATEMENT | |
| Title | Agricultural and Rural Marketing |
| 260 ## - PUBLICATION, DISTRIBUTION, ETC. | |
| Place of publication, distribution, etc. | Ludhiana |
| Name of publisher, distributor, etc. | Kalyani Publishers |
| Date of publication, distribution, etc. | 2026 |
| 300 ## - PHYSICAL DESCRIPTION | |
| Pages | Xii, 220 p. ; |
| Dimensions | 20 x 30 cm |
| 505 ## - FORMATED CONTENTS NOTE | |
| Formated content notes | NEP<br/>B Com<br/>6th semester |
| 650 ## - Subject | |
| Subject | Economics |
| 700 ## - Added Entry Personal Name | |
| Personal Name | Mandal, Binmay Kumar |
| 700 ## - Added Entry Personal Name | |
| Personal Name | Tripathi, Partha Pratyush |
| 942 ## - ADDED ENTRY ELEMENTS (KOHA) | |
| Source of classification or shelving scheme | Dewey Decimal Classification |
| Koha item type | Books |
| Withdrawn status | Lost status | Source of classification or shelving scheme | Damaged status | Not for loan | Collection code | Home library | Current library | Shelving location | Date acquired | Source of acquisition | Cost, normal purchase price | Total Checkouts | Full call number | Barcode | Date last seen | Copy number | Cost, replacement price | Price effective from | Koha item type | Date due | Date last checked out |
|---|---|---|---|---|---|---|---|---|---|---|---|---|---|---|---|---|---|---|---|---|---|
| Dewey Decimal Classification | Economics | Sibsagar Commerce College Central Library | Sibsagar Commerce College Central Library | General Stacks | 10/04/2026 | Kitap Ghar | 225.00 | 338.1 ROU | 29374 | 18/04/2026 | 1 | 450.00 | 18/04/2026 | Books | |||||||
| Dewey Decimal Classification | Economics | Sibsagar Commerce College Central Library | Sibsagar Commerce College Central Library | General Stacks | 10/04/2026 | Kitap Ghar | 225.00 | 338.1 ROU | 29375 | 18/04/2026 | 2 | 450.00 | 18/04/2026 | Books | |||||||
| Dewey Decimal Classification | Economics | Sibsagar Commerce College Central Library | Sibsagar Commerce College Central Library | General Stacks | 10/04/2026 | Kitap Ghar | 225.00 | 1 | 338.1 ROU | 29377 | 24/04/2026 | 3 | 450.00 | 18/04/2026 | Books | 13/05/2026 | 24/04/2026 | ||||
| Dewey Decimal Classification | Economics | Sibsagar Commerce College Central Library | Sibsagar Commerce College Central Library | General Stacks | 10/04/2026 | Kitap Ghar | 225.00 | 1 | 338.1 ROU | 29376 | 27/04/2026 | 4 | 450.00 | 18/04/2026 | Books | 15/05/2026 | 27/04/2026 |
